000 01817nem2a2200325 4500
001 RU\NLR\DIGIT\30665
005 20260319110056.0
035 _a(NLR Aleph) 010124373
090 _a10010350
_c10010350
100 _a20060210f1731 m y0rusy50 ca
101 0 _arus
102 _aRU
135 _acrcn 024apabr
200 1 _aХартина плоская генеральная моря Каспийского от устья Ярковского до залива Астрабацкого Померидиану возвышаетца в градусах и минутах Глубина в саженях и футах …
_fСост. Ф.П. Соймонов
215 _aФотокопия
_a1 л.
_c54х56 (47х57)
325 _aКопия доступна в Электрон. б-ке РНБ http://vivaldi.nlr.ru/ca000000021/view
461 0 _1001RU\NLR\A1\23632
_12001#$a[Атлас Каспийского моря]$fСост. Ф.П. Соймонов
_1210##$a[Санкт-Петербург]$c[Адмиралтейская коллегия, Академ. тип.]$d[1731]
_99691336
_aСоймонов, Ф. И. (1682-1780)
_cСПб.
_d1731]
_nПри Адмиралт. коллегии в Акад. тип.
_p8 л. к.
_t[Атлас Каспийского моря
700 1 _aСоймонов
_bФ. П.
_4220
801 2 _aRU
_bNLR
_c20070626
_2rusmarc
852 _aNLR
_jК 1-Касп 2/1
856 0 _uhttp://vivaldi.nlr.ru/ca000000021/view
856 1 _uhttp://vivaldi.nlr.ru/ca000000021/cover
856 2 _uhttp://vivaldi.nlr.ru/ca000000021/text
942 _cMAP
980 _aCRT_CCRP18
980 _aNB
981 3 6 _a(36) Цифровой репозиторий РНБ
981 1 9 _a(19) Картографические материалы